Normal view
MARC view
Entry Personal Name
001 - CONTROL NUMBER
- control field: 1236941
003 - CONTROL NUMBER IDENTIFIER
- control field: OSt
005 - DATE AND TIME OF LATEST TRANSACTION
- control field: 20260430150242.0
008 - FIXED-LENGTH DATA ELEMENTS
- fixed length control field: 260430|| aca||aabn | a|a d
040 ## - CATALOGING SOURCE
- Original cataloging agency: OSt
- Transcribing agency: OSt
100 ## - HEADING--PERSONAL NAME
- Personal name: Singh Aayushi Au.; Natarajan K. Gu
670 ## - SOURCE DATA FOUND
- Source citation: Work cat.: (OSt)1849334: Singh Aayushi Au.; Natarajan K. Gu., Characterizing t cell dynamics during mycobacterial infection: regulation of t cell activation and function by calcium homeostasis, 2021
